<?xml version="1.0" encoding="UTF-8"?>
<record
    xmlns:xsi="http://www.w3.org/2001/XMLSchema-instance"
    xsi:schemaLocation="http://www.loc.gov/MARC21/slim http://www.loc.gov/standards/marcxml/schema/MARC21slim.xsd"
    xmlns="http://www.loc.gov/MARC21/slim">

  <leader>02247cam a2200241 a 4500</leader>
  <controlfield tag="001">000002803</controlfield>
  <controlfield tag="005">20200929150247.0</controlfield>
  <controlfield tag="008">060920s2005    sp a     b    101 0dspa  </controlfield>
  <datafield tag="020" ind1=" " ind2=" ">
    <subfield code="a">8479088397</subfield>
  </datafield>
  <datafield tag="040" ind1=" " ind2=" ">
    <subfield code="a">DO-SdBNP</subfield>
    <subfield code="b">spa</subfield>
    <subfield code="c">BNPHU</subfield>
  </datafield>
  <datafield tag="082" ind1=" " ind2=" ">
    <subfield code="a">Pa860</subfield>
    <subfield code="b">C719d</subfield>
  </datafield>
  <datafield tag="111" ind1="2" ind2=" ">
    <subfield code="a">Coloquio Internacional Encuentros con la Literatura Paraguaya</subfield>
    <subfield code="d">2003 :</subfield>
    <subfield code="c">Universidad de Alicante)</subfield>
    <subfield code="9">8858</subfield>
  </datafield>
  <datafield tag="245" ind1="1" ind2="0">
    <subfield code="a">Dos orillas y un encuentro :</subfield>
    <subfield code="b">la literatura paraguaya actual /</subfield>
    <subfield code="c">Mar Langa Pizarro.</subfield>
  </datafield>
  <datafield tag="246" ind1="3" ind2=" ">
    <subfield code="a">2 orillas y 1 encuentro</subfield>
  </datafield>
  <datafield tag="246" ind1="3" ind2="0">
    <subfield code="a">Literatura paraguaya actual</subfield>
  </datafield>
  <datafield tag="260" ind1=" " ind2=" ">
    <subfield code="a">Alicante, Espa&#xF1;a :</subfield>
    <subfield code="b">Centro de Estudios Iberoamericanos Mario Benedetti; Universidad de Alicante,</subfield>
    <subfield code="c">2005.</subfield>
  </datafield>
  <datafield tag="300" ind1=" " ind2=" ">
    <subfield code="a">253 p. :</subfield>
    <subfield code="b">il. ;</subfield>
    <subfield code="c">24 cm.</subfield>
  </datafield>
  <datafield tag="500" ind1=" " ind2=" ">
    <subfield code="a">"...el Coloquio Internacional Encuentros con la Literatura Paraguaya celebrado en diciembre de 2003"--P. 3.</subfield>
  </datafield>
  <datafield tag="504" ind1=" " ind2=" ">
    <subfield code="a">Incluye referencias bibliogr&#xE1;ficas</subfield>
  </datafield>
  <datafield tag="505" ind1="0" ind2=" ">
    <subfield code="a">La palabra, entrada de sue&#xF1;os y pesadillas / Rub&#xE9;n Bareiro Saguier -- Qu&#xE9; escribimos hoy en Paraguay / Luis Hern&#xE1;ez -- Recuento de una vida al servicio de la palabra / Renee Ferrer -- Recuerdos y escritura ; Temas del revisionismo / Guido Rodr&#xED;guez Alcal&#xE1; -- Reflexiones sobre la narrativa paraguaya / Raquel Saguier -- Otra vuelta de tuerca a Roa / Trinidad Barrera -- Iconograf&#xED;as del Paraguay : un recorrido hist&#xF3;rico-literario / Mar&#xED;a Gabriella Dionisi -- Las escritoras y la literatura paraguaya : primeras aportaciones a la narrativa / Teodosio Fern&#xE1;ndez -- La novela paraguaya del nuevo milenio / Mar Langa Pizarro -- Lectura de El pozo de Gabriel Casaccia / Francisco Jos&#xE9; L&#xF3;pez Alfonso -- Los jesuitas y su aportaci&#xF3;n a la historia del Paraguay : el caso del P. Jos&#xE9; S&#xE1;nchez Labrador / Mario Mart&#xED;nez Gomis -- El portal de literatura paraguaya en la Biblioteca Virtual Miguel de Cervantes / Pedro Mendiola ONate -- Elvio Romero, Rub&#xE9;n Bareiro Saguier, Ren&#xE9;e Ferrer, Jacobo Rauskin : calas de la poes&#xED;a paraguaya / Jos&#xE9; Vicente Peiro Barco -- De encuentros y desencuentros paraguayos / Jos&#xE9; Carlos Rovira -- La paraguayidad en la cuent&#xED;stica de Josefina Pla / Sonja M. Steckbauer.</subfield>
  </datafield>
  <datafield tag="650" ind1=" " ind2="4">
    <subfield code="a">Literatura paraguaya</subfield>
    <subfield code="y">20th SIGLO</subfield>
    <subfield code="x">Historia y cr&#xED;tica</subfield>
    <subfield code="v">CONGRESOS</subfield>
    <subfield code="9">8859</subfield>
  </datafield>
  <datafield tag="700" ind1="1" ind2=" ">
    <subfield code="a">Langa Pizarro, M. Mar.</subfield>
    <subfield code="9">8860</subfield>
  </datafield>
  <datafield tag="952" ind1=" " ind2=" ">
    <subfield code="0">0</subfield>
    <subfield code="1">0</subfield>
    <subfield code="5">2</subfield>
    <subfield code="7">0</subfield>
    <subfield code="8">MO</subfield>
    <subfield code="a">GR</subfield>
    <subfield code="b">GR</subfield>
    <subfield code="c">CT</subfield>
    <subfield code="d">2009-07-03</subfield>
    <subfield code="i">LF1</subfield>
    <subfield code="l">0</subfield>
    <subfield code="o">Pa860 C719d</subfield>
    <subfield code="p">2803-10</subfield>
    <subfield code="r">2020-06-25</subfield>
    <subfield code="w">2020-06-25</subfield>
    <subfield code="y">2</subfield>
    <subfield code="Z">Pr&#xE9;stamo interno</subfield>
  </datafield>
  <datafield tag="999" ind1=" " ind2=" ">
    <subfield code="c">2637</subfield>
    <subfield code="d">2637</subfield>
  </datafield>
</record>
